Dissertatio De Adfectuum Remediis Praeservantibus

Bibliographic Details
Main Author: Kirchmann, Heinrich Christian Leopold, 17.-18. storočie (Author, Dissertant, Author of introduction, etc., Dedicator)
Corporate Author: Ritter, Johann Friedrich (Jena, Nemecko) (Printer)
Other Authors: Wucherer, Johann Friedrich, 1682-1737 (Thesis advisor), Ritter, Johann Friedrich, 1699-1755 (Printer)
Format: Thesis Book
Language:Latin
PhysicalDescription:6 nečíslovaných listov, 42 strán °
Subjects:

MARC

LEADER 00000nam a2200000 4500
001 vtls011920314
003 SK-MaSNL
005 20260301225948.0
008 251112s1721 gw f 010 0 lat
015 |a SNBHFA1721 
040 |a SNKHF  |b slo  |c SNKHF  |e rda 
041 0 |a lat 
044 |a gw  |c DE 
072 7 |a 2-1  |x Prirodzená teológia. Náboženská filozofia  |2 konspekt 
080 |a (043.3)  |2 2011 
080 |a 2‑1  |2 2011 
100 1 |a Kirchmann, Heinrich Christian Leopold,  |d 17.-18. storočie  |4 aut  |4 dis  |4 aui  |4 dto  |9 620187 
245 1 0 |a Dissertatio  |b De Adfectuum Remediis Praeservantibus  |c Qvam Rectore Magnificentissimo, Serenissimo Principe Ac Domino, Domino Gulielmo Henrico, Dvce Saxonae, Ivliaci, Cliviae, Ac Montivm, Angariae, Gvestphaliae, Reliqva, Praeside Io. Friderico Wucherer, Pysic. Dogm. Prof. Pvbl. Ord. Ad D. Mart. M DCC XXI. ; Examini Ervditorvm Svbmittit Henr. Christ. Leopold. Kirchmann, Hannoveranvs SS. Theol. Et Philos. Stvd. 
264 3 |a Ienae  |b Literis Ioannis Friderici Ritteri  |c MDCCXXI (1721) 
300 |a 6 nečíslovaných listov, 42 strán  |c ° 
336 |a text  |b txt  |2 rdacontent 
337 |a bez média  |b n  |2 rdamedia 
338 |a zväzok  |b nc  |2 rdacarrier 
500 |a Vinety, vlys, linky, inicálka s ornamentálnym pozadím vo voľnom priestore na 8 riadkov, verzály na 4 riadky, kustody 
501 |a Príväzok 4. k: SUTTINGER, Christoph Gottfried. De Theologiae Et Philosophiae Pugna Adparente. Lipsiae: Literis Andreae Martini Schedii, 1720.  |5 SNK IC 144758 
502 |c Dizertačná práca (Doktor) -- Univerzita v Jene, Jena, 1721 
508 |a Predslov autora; Dedikácia: Kirchmann, Heinrich Christian Leopold; Wilhelm Heinrich - sasko-eisenachské knieža 
510 4 |a WorldCat  |c 248495856 
546 |a Latinčina  |b Antikva  |b Kurzíva 
561 |a Z knižnice Učenej spoločnosti malohontskej.  |5 SNK IC 144758/prív.4 
562 |a Rukopisné marginálie v latinčine.  |5 SNK IC 144758/prív.4 
650 0 7 |a teológia  |2 SNKPH  |9 1814 
655 7 |a dizertácie  |2 SNKPH  |9 70277 
700 1 |a Wucherer, Johann Friedrich,  |d 1682-1737  |4 ths  |9 620188 
700 0 |a Wilhelm Heinrich,  |c sasko-eisenachské knieža,  |d 1691-1741  |4 hnr  |9 180570 
700 1 |a Ritter, Johann Friedrich,  |d 1699-1755  |4 prt  |9 179450 
710 2 |a Učená spoločnosť malohontská  |4 fmo  |9 205374 
710 0 |a Ritter, Johann Friedrich (Jena, Nemecko)  |4 prt  |9 365936 
752 |a Nemecko  |d Jena 
852 |a snk  |b Historické fondy  |p IC 144758/prív.4 
958 |a DD 
999 |c 952964  |d 954894 
952 |t MHC 1220  |a SNK  |b SNK  |c SNK_HF  |y PREZ  |7 0  |p 17A1357005  |o snkIC 144758/prív.4  |i snk2020/4916  |8 5  |z 4. príväzok  |0 0  |1 0  |4 0  |d 2020-02-26  |l 0  |r 2026-02-24 09:54:15  |w 2026-02-24